000
00397nam a2200133Ia 4500
008
100328s9999 xx 000 0 und d
082
_b
67937
100
_a
वर्टीकर मनोहर.
245
_a
भूलभुलैय्या.
260
_b
योगिता.
630
_a
भूलभुलैय्या.
730
_a
भूलभुलैय्या.
942
_c
BOOK
999
_c
553676
_d
553673